| 000 | 00402cam a22001337a 4500 | ||
|---|---|---|---|
| 008 | 180718b2007 xxu||||| |||| 00| 0 eng d | ||
| 020 | _a8131600890 | ||
| 082 | _aB136x54 Si83 | ||
| 245 |
_aRural development: macro-micro realities _cedited by Yatindra Singh Sisodia |
||
| 260 |
_aJaipur _bRawat _c2007 |
||
| 300 | _a328p. | ||
| 650 | _aRural development - India. | ||
| 700 | _aSisodia, Yatindra Singh, ed. | ||
| 999 |
_c407688 _d407688 |
||